Deutsche Clubs, die in einem europäischem Finale waren -Sudden Death - Statistiken

Allgemein
  • Dieses Quiz wurde 3.459 mal gespielt
  • Das Durchschnittsergebnis liegt bei 7 aus 15
Answers on the Grid
Answers color-coded by a green-red scale on the quiz's grid according to % correct below.
Dynamo Dresden
Hertha BSC
BFC Dynamo
Alemannia Aachen
FSV Mainz
SC Freiburg
Kickers Offenbach
BSG Wismut Gera
1.FC Kaiserslautern
1.FC Köln
1.FC Magdeburg
1.FC Nürnberg
1860 München
Bayer 04 Leverkusen
Bayern München
Borussia Dortmund
Borussia Mönchengladbach
Carl Zeiss Jena
Eintracht Braunschweig
Eintracht Frankfurt
FC Schalke 04
Fortuna Düsseldorf
Hamburger SV
Hannover 96
Hansa Rostock
Lok Leipzig
RB Leipzig
VFB Stuttgart
VFL Wolfsburg
Werder Bremen
 
Antwortstatistiken
Antwort % Korrekt
Bayern München
79%
Borussia Dortmund
79%
Hamburger SV
73%
Bayer 04 Leverkusen
72%
Eintracht Frankfurt
68%
FC Schalke 04
60%
Borussia Mönchengladbach
55%
Werder Bremen
52%
VFB Stuttgart
44%
1.FC Köln
33%
1.FC Magdeburg
27%
1860 München
15%
Carl Zeiss Jena
11%
Lok Leipzig
10%
Fortuna Düsseldorf
9%
Keine übereinstimmenden Quizze gefunden
Verteilung der Resultate
Anzahl Personen mit jedem Resultat
Perzentil nach korrekt beantworteten Fragen
Ihre Resultats-Entwicklung
Sie haben dieses Quiz noch nicht gespielt